000 00626nam a22002297a 4500
003 UA-OsUOA
001 95335
007 ta
008 20130227b un ||||| |||| 00| 0 ukr d
100 _aЕршов К.
090 _a821.161.1
_bБ80
942 _cBK
040 _aUA-OsUOA
_brus
_cUA-OsUOA
_dUA-OsUOA
245 _aПодставка для Луны
_bповести
300 _a230 с.
955 _a3
041 _arus
080 _a821.161.1
260 _aК.
_bРадянський письменник
_c1989
650 7 _a82 Література. Літературознавство
_2UDC
999 _c381586
_d381586